000 00353cam a2200145ua 4500
041 _aeng
_h
082 _a828.09
_bWAY/HE
100 _aWayne, Philip .
245 _aHeritage of poetry - part ll /
_cPhilip wayne.
_hTextual Documents
260 _aLondon :
_bLongman ,
_c1959.
300 _a494 ; .
504 _a
942 _cBK
999 _c3424
_d3424